Normal view
MARC view
Entry Personal Name
001 - CONTROL NUMBER
- control field: 1238130
003 - CONTROL NUMBER IDENTIFIER
- control field: OSt
005 - DATE AND TIME OF LATEST TRANSACTION
- control field: 20260430150646.0
008 - FIXED-LENGTH DATA ELEMENTS
- fixed length control field: 260430|| aca||aabn | a|a d
040 ## - CATALOGING SOURCE
- Original cataloging agency: OSt
- Transcribing agency: OSt
100 ## - HEADING--PERSONAL NAME
- Personal name: Konwar Chandrika Au.; Saluja Daman Gu
670 ## - SOURCE DATA FOUND
- Source citation: Work cat.: (OSt)1850322: Konwar Chandrika Au.; Saluja Daman Gu., SIN-3 and its Multifunctional Nature: Understanding the Role of SIN-3 in Cell Death, Aging, and Tumor Development in C. elegans, 2023
